| 000 | nam a22 a 4500 | ||
|---|---|---|---|
| 999 |
_c28277 _d28277 |
||
| 003 | BLK | ||
| 005 | 20220407102916.0 | ||
| 008 | 180407b bul|||||r ||||||| ||bul|| | ||
| 010 | _aKNG00030871000 | ||
| 020 | _a954-719-044-Х | ||
| 040 | _aBLK | ||
| 041 |
_aBUL _cBUL |
||
| 080 |
_aРелигиозна литература. Учебници по вероучение (религия) _b244 _z244 |
||
| 139 |
_aПо-умни, по-добри _bП 62 |
||
| 245 | 1 | 0 |
_aПо-умни, по-добри _bРазкази за деца _cПрев. от англ. Даниела Кацарова |
| 260 |
_aСофия _bНов живот _c2000 |
||
| 300 |
_a184 с. _c20 см |
||
| 380 | _a2 | ||
| 650 | 0 |
_9458601 _aРелигиозно обучение |
|
| 653 | 7 |
_9195441 _aрелигиозна литература |
|
| 700 |
_91021 _aКацарова, Даниела _eпрев. от англ. |
||
| 852 |
_aЦб 312142 _bЦб |
||
| 942 |
_cKNG _n0 _s1 |
||
| 944 |
_aCR _c15.01.2003 _kAB_DOS |
||
| 944 |
_aED _c2022-04-07 _kГГГ |
||